| 000 | 01041cam a22002891a 4500 | ||
|---|---|---|---|
| 001 | agr40000405 | ||
| 003 | DLC | ||
| 005 | 20260227110959.0 | ||
| 008 | 861106s1940 dcua f000 0 eng c | ||
| 010 | _aagr40000405 | ||
| 035 | _a(OCoLC)14645508 | ||
| 040 |
_aU.S. Dept. of Agr. Library _cNBuB _dNBuB _dDNAL _dDLC |
||
| 042 | _apremarc | ||
| 050 | 0 | 0 |
_aQL568.I2 _bC8 |
| 070 | 0 |
_a1 _bAg84M no.354 |
|
| 072 | 0 |
_aL821 _aL001 |
|
| 082 | _a595.793 | ||
| 100 | 1 |
_aCushman, R. A. _q(Robert Asa), _d1880- |
|
| 245 | 1 | 2 |
_aA review of the parasitic wasps of the ichneumonid genus Exenterus Hartig / _cby R.A. Cushman. |
| 260 |
_aWashington, D.C. : _bU.S. Dept. of Agriculture, _c1940. |
||
| 300 |
_a15 p. : _bill. ; _c23 cm. |
||
| 490 | 1 |
_aMiscellaneous publication / United States Department of Agriculture ; _vno. 354 |
|
| 500 | _aCaption title. | ||
| 500 | _aContribution from Bureau of Entomology and Plant Quarantine. | ||
| 650 | 0 | _aExenterus. | |
| 830 | 0 |
_aMiscellaneous publication (United States. Department of Agriculture) ; _vno. 354. |
|
| 999 |
_c10040 _d10040 |
||